| 000 | 00545nam a2200217Ia 4500 | ||
|---|---|---|---|
| 003 | OSt | ||
| 005 | 20220928141424.0 | ||
| 006 | a|||||r|||| 00| 0 | ||
| 007 | ta | ||
| 008 | 220927b |||||||| |||| 00| 0 eng d | ||
| 024 | _a14794 | ||
| 037 | _cTextual | ||
| 040 |
_aSDCL _cSDCL _beng |
||
| 041 |
_2eng _aeng |
||
| 082 | _aO-973,2N, L3 | ||
| 100 |
_aGuernsey Otis L Ed. _9499957 |
||
| 245 | 0 | _aBest plays of 1972-1973. | |
| 260 | _c1973 | ||
| 942 |
_hO-973,2N, L3 _cTEXL _2CC |
||
| 999 |
_c817203 _d817203 |
||